Behavioral perception of competencies in risk management

Kompetencie - pojmy. Komunikačné kompetencie. Štruktúra komunikačných kompetencií aplikovaných v procese riadenia rizika (parciálne výsledky obsahovej analýzy). Mediálne komunikačné kompetencie. Rozdiely a spoločné znaky základných komunikačných a mediálnych kompetencií. Interkultúrne komunikačné ko...

Celý popis

Uložené v:
Podrobná bibliografia
Hlavný autor: Szarková, Miroslava, 1951-
Ďalší autori: Gertler, Ľubomíra, 1977-
Médium: Kapitola
Jazyk:Slovak
Predmet:
Tagy: Pridať tag
Žiadne tagy, Buďte prvý, kto otaguje tento záznam!

MARC

LEADER 00000nla a2200000 4500
001 0167261
005 20240502083409.3
041 0 |a slo 
044 |a CZ 
245 1 0 |a Behavioral perception of competencies in risk management  |c Miroslava Szarková, Ľubomíra Gertler 
520 |a Kompetencie - pojmy. Komunikačné kompetencie. Štruktúra komunikačných kompetencií aplikovaných v procese riadenia rizika (parciálne výsledky obsahovej analýzy). Mediálne komunikačné kompetencie. Rozdiely a spoločné znaky základných komunikačných a mediálnych kompetencií. Interkultúrne komunikačné kompetencie. 
610 2 0 |a riadenie rizík 
610 2 0 |a kompetencie 
610 2 0 |a schopnosti pracovné 
610 2 0 |a komunikácia 
610 2 0 |a komunikácia manažérska 
610 2 0 |a komunikácia interkultúrna 
610 2 0 |a behaviorizmus 
100 1 |a Szarková, Miroslava, 1951- 
700 1 |a Gertler, Ľubomíra, 1977-